Obchodovanie na peňažnom trhu eurouzóny
Najvýznamnejší segment peňažného trhu eurozóny (repo obchod), jeho vývoj v období finančnej krízy a vysvetlenie podstaty a fungovania repo obchodov. Repo obchody a reverzné repo obchody na zabezpečenom trhu eurozóny.
Salvato in:
| Autore principale: | |
|---|---|
| Natura: | Capitolo di libro |
| Lingua: | slovacco |
| Soggetti: | |
| Tags: |
Nessun Tag, puoi essere il primo ad aggiungerne!!
|
MARC
| LEADER | 00000nla a2200000 4500 | ||
|---|---|---|---|
| 001 | 0174713 | ||
| 005 | 20240502072959.1 | ||
| 041 | 0 | |a slo | |
| 044 | |a SK | ||
| 245 | 1 | 0 | |a Obchodovanie na peňažnom trhu eurouzóny |c Viera Malacká |
| 520 | |a Najvýznamnejší segment peňažného trhu eurozóny (repo obchod), jeho vývoj v období finančnej krízy a vysvetlenie podstaty a fungovania repo obchodov. Repo obchody a reverzné repo obchody na zabezpečenom trhu eurozóny. | ||
| 610 | 2 | 0 | |a trh peňažný |
| 610 | 2 | 0 | |a repo obchody |
| 100 | 1 | |a Malacká, Viera | |